000 00929nam a2200265 a 4500
001 72444
003 BD-RjUL
005 20211209082248.0
008 170518s1949 nyuac b 001 0 eng d
035 _a(BD-RjUL)72662
040 _aDLC
_cWSU
_dSER
_dEQO
_beng
041 _aeng
082 _223
_a661
_bCOA 1949.
100 1 _aCopenhaver, John William,
_d1910-
_9214264
245 1 0 _aAcetylene and carbon monoxide chemistry /
_cby John W. Copenhaver and Maurice H. Bigelow.
260 _aNew York :
_bReinhold Pub. Corp.,
_cc1949.
300 _axvi, 357 p. :
_bill. ;
_c24 cm.
500 _aBased on material collected by J.W. Reppe of the I.G. Farbenindustrie.
504 _a"General bibliography of German acetylene chemistry": (p. 347-354)
650 0 _aAcetylene.
_9214228
650 0 _aCarbon monoxide.
_9214265
700 1 _aBigelow, M. H.
_q(Maurice Hubbard),
_d1903-
_9214266
942 _2ddc
_cBK
999 _c72444
_d72444